|
|
|
|
| LEADER |
01002nam a2200253 a 4500 |
| 001 |
000030717 |
| 003 |
CZ BrMZK |
| 005 |
20250331093419.0 |
| 007 |
ta |
| 008 |
950313s1992 xr f cze d |
| 015 |
|
|
|a cnb000072767
|
| 040 |
|
|
|a BOA001
|b cze
|
| 080 |
|
|
|a 792(437.10) Národní divadlo
|2 MRF
|
| 100 |
1 |
|
|a Nestroy, Johann,
|d 1801-1862
|7 jn20000604160
|4 aut
|
| 245 |
1 |
0 |
|a Tajné peníze, tajná láska /
|c Johann Nepomuk Nestroy ; Připr. Johana Kudláčková.
|
| 260 |
|
|
|a Praha :
|b Národní divadlo,
|c 1992
|
| 300 |
|
|
|a 191 s. :
|b obr., fotogr. +
|e 1 vol. příl.
|
| 500 |
|
|
|a Divadelní program. - Stavovské divadlo. Činohra Národního divadla
|
| 653 |
0 |
|
|a Národní divadlo Praha Stavovské divadlo
|a Tajné peníze, tajná láska(divadelní hra)
|
| 700 |
1 |
|
|a Kudláčková, Johana,
|d 1945-
|7 jn99240000563
|4 com
|
| 910 |
|
|
|a BOA001
|b 2-1012.026
|
| 964 |
|
|
|a Národní divadlo
|c Praha
|b Stavovské divadlo
|x programy divadelní
|z r.1992
|
| 964 |
|
|
|a Hry divadelní
|x programy
|z r.1992
|
| 990 |
|
|
|a BK
|